Identify the Historical Flag- easy to medium - Statistics

General Stats
  • This quiz has been taken 61 times
  • The average score is 7 of 12
Answer Stats
Picture Answer % Correct
Prussia
91%
Austria-Hungary
85%
Brazilian Empire
70%
Roman Empire
70%
Ethiopia
61%
Greece
61%
Ottoman Empire
58%
Qing Dynasty
48%
Byzantine Empire
45%
Russian Empire
45%
Polish Lithuanian Commonwealth
42%
Kalmar Union
27%
No matching quizzes found
Score Distribution
Percent of People with Each Score
Percentile by Number Answered
Your Score History
You have not taken this quiz